MARC details
| 000 -CABECERA |
| campo de control de longitud fija |
00958nam a2200289 u 4500 |
| 005 - FECHA Y HORA DE LA ÚLTIMA TRANSACCIÓN |
| campo de control |
20230512063628.0 |
| 008 - ELEMENTOS DE LONGITUD FIJA--INFORMACIÓN GENERAL |
| campo de control de longitud fija |
200124s1997 ag r 000 0 spa d |
| 020 ## - NÚMERO INTERNACIONAL NORMALIZADO PARA LIBROS |
| Número Internacional Estándar del Libro |
9505572360 (10 dígitos) |
| 040 ## - FUENTE DE LA CATALOGACIÓN |
| Centro catalogador/agencia de origen |
MX-MxUPN |
| Lengua de catalogación |
spa |
| Centro/agencia transcriptor |
MX-MxUPN |
| 041 1# - CÓDIGO DE IDIOMA |
| Código de lengua del texto/banda sonora o título independiente |
spa |
| Código de lengua original |
fre |
| 050 #4 - SIGNATURA TOPOGRÁFICA DE LA BIBLIOTECA DEL CONGRESO |
| Número de clasificación |
HM276 |
| Número de documento/Ítem |
T68 1997 |
| 100 1# - ASIENTO PRINCIPAL--NOMBRE PERSONAL |
| Nombre de persona |
Touraine, Alain, |
| Fechas asociadas al nombre |
1925- |
| 9 (RLIN) |
29620 |
| 240 10 - TÍTULO UNIFORME |
| Título uniforme |
Pourrons-nous vivre ensamble?. |
| Lenguaje de la obra |
Español |
| 245 11 - MENCIÓN DE TÍTULO |
| Título |
¿Podremos vivir juntos? : |
| Resto del título |
iguales y diferentes |
| 250 ## - MENCIÓN DE EDICIÓN |
| Mención de edición |
Primera edición en español |
| 260 ## - PUBLICACIÓN, DISTRIBUCIÓN, ETC. |
| Lugar de publicación, distribución, etc. |
Buenos Aires, Argentina : |
| Nombre del editor, distribuidor, etc. |
Fondo de Cultura Económica, |
| Fecha de publicación, distribución, etc. |
1996. |
| 300 ## - DESCRIPCIÓN FÍSICA |
| Extensión |
335 páginas |
| 490 ## - MENCIÓN DE SERIE |
| Mención de serie |
Sección de obras de sociología |
| 500 ## - NOTA GENERAL |
| Nota general |
Traducción de: Pourrons-nous vivre ensamble? |
| 650 #4 - ASIENTO SECUNDARIO DE MATERIA - TERMINO TEMATICO |
| 9 (RLIN) |
5798 |
| Término de materia o nombre geográfico como elemento de entrada |
Multiculturalismo |
| 650 #4 - ASIENTO SECUNDARIO DE MATERIA - TERMINO TEMATICO |
| 9 (RLIN) |
47427 |
| Término de materia o nombre geográfico como elemento de entrada |
Pluralismo cultural |
| 700 1# - ASIENTO SECUNDARIO--NOMBRE DE PERSONAL |
| Nombre de persona |
Pons, Horacio |
| Término indicativo de función/relación |
traducción |
| 9 (RLIN) |
47353 |
| 902 ## - ELEMENTOS DE DATOS B LOCAL, LDB (RLIN) |
| Modificó |
NoemiAcosta/220323 |
| 905 ## - TIPO DE MATERIAL |
| Tipo de material |
Libro |
| 942 ## - ELEMENTOS DE PUNTO DE ACCESO ADICIONAL (KOHA) |
| Suprimir en OPAC |
No |
| Tipo de ítem Koha |
Libro |
| Fuente del sistema de clasificación o colocación |
Library of Congress Classification |